000 00501nam a2200181Ia 4500
005 20250326141748.0
008 250326s9999 xx 000 0 und d
037 _aTextbook
040 _aFMSL
_beng
_cFMSL
041 _aeng
_2eng
084 _qFMSL
100 _aGupta V K
245 0 _aExpanding the interpersonal communication base for family planning
_cGupta V K; Shingi P M
260 _aAhmedabad
_bAhmedabad, I I M
_c1976
300 _a63p
942 _cTB
999 _c1291845
_d1291845